Short Story Writers - Statistics

General Stats
  • This quiz has been taken 67 times
    63 since last reset
  • The average score is 11 of 28
Answer Stats
Hint Answer % Correct
"The Tell-Tale Heart" Edgar Allan Poe
92%
"The Snows of Kilimanjaro" Ernest Hemingway
72%
"The Legend of Sleepy Hollow" Washington Irving
67%
"The Gift of the Magi" O. Henry
61%
"A Good Man is Hard to Find" Flannery O'Connor
58%
"Bartleby, the Scrivener" Herman Melville
58%
"Rikki-Tikki-Tavi" Rudyard Kipling
58%
"The Lottery" Shirley Jackson
58%
"The Celebrated Jumping Frog of Calaveras County" Mark Twain
56%
"A Perfect Day for Bananafish" J. D. Salinger
50%
"An Occurrence at Owl Creek Bridge" Ambrose Bierce
44%
"The Necklace" Guy de Maupassant
42%
"The Library of Babel" Jorge Luis Borges
42%
"The Red-Headed League" Arthur Conan Doyle
39%
"To Build a Fire" Jack London
39%
"The Lady with a Dog" Anton Chekhov
36%
"Ivan the Fool" Leo Tolstoy
33%
"The Dead" James Joyce
31%
"The Minister's Black Veil" Nathaniel Hawthorne
28%
"The Birds" Daphne du Maurier
25%
"A Hunger Artist" Franz Kafka
25%
"The Meek One" Fyodor Dostoevsky
25%
A Sportsman's Sketches Ivan Turgenev
25%
"The Monkey's Paw" W. W. Jacobs
22%
"The Nutcracker and the Mouse King" E.T.A. Hoffmann
17%
"Désirée's Baby" Kate Chopin
11%
"Nightfall" Isaac Asimov
8%
"Kabuliwala" Rabindranath Tagore
6%
No matching quizzes found
Score Distribution
Percent of People with Each Score
Percentile by Number Answered
Your Score History
You have not taken this quiz since the last reset